000
00299nam a22001457a 4500
008
210511b ||||| |||| 00| 0 eng d
020
_a
9780471770831
041
_a
eng
080
_a
33
082
_a
33
100
_a
56
101
_a
BIZ
245
_a
CFO Insights
_c
Wulf,C.C
942
_2
udc
_c
BK
999
_c
57200
_d
57200